000
00289nam a2200121Ia 4500
005
20251222143210.0
008
251222s9999||||xx |||||||||||||| ||spa||
020
_a
9972-52-019-6
082
_a
918.5/P87O
245
0
_a
GuĂa Especializada del Viajero:
264
_b
PromPerĂș
942
_c
LIB
999
_c
13390
_d
13390